000
002840000a22001090004500
090
_a
AS
_b
Seriadas
245
1
0
_a
Biodiversidad y variedades vegetales I
041
0
_a
Español
100
1
_a
Hernández Salgar, Ana María
_9
4260
942
_c
ARTICULO
773
1
_t
Biosintesis
_h
22
_q
1-4
_d
2000
999
_c
15934
_d
15934